[Event "Valladolid Piolin op"]
[Site "Valladolid"]
[Date "2013.05.05"]
[Round "9"]
[White "Fernandez Velasquez, Julian Felix"]
[Black "Martin De Aguilera del Amo, Jaim"]
[Result "1-0"]
[WhiteElo "1868"]
[BlackElo "1693"]
[PlyCount "59"]
[EventDate "2013.03.10"]
[EventType "swiss"]
[EventRounds "11"]
[EventCountry "ESP"]
[SourceTitle "EXT 2014"]
[Source "ChessBase"]
[SourceDate "2013.11.20"]
[SourceVersion "1"]
[SourceVersionDate "2013.11.20"]
[SourceQuality "1"]

1. e4 e5 2. Bc4 Nc6 3. c3 Nf6 4. d3 Na5 5. Bb5 a6 6. Ba4 Be7 7. Nf3 b5 8. Bc2 Nc6 9. 0-0 0-0 10. Re1 d6 11. Nbd2 Bb7 12. Nf1 Nb8 13. Ng3 Nbd7 14. Nf5 Ne8 15. d4 Bf6 16. h3 g6 17. Ng3 Bg7 18. h4 Rc8 19. h5 c5 20. d5 c4 21. Be3 Nc5 22. Qd2 Qd7 23. Rad1 Qg4 24. Nh2 Qd7 25. Bh6 Rc7 26. Bxg7 Kxg7 27. f4 exf4 28. Qxf4 Nf6 29. h6+ Kg8 30. Qxf6 1-0

[Event "Valladolid Piolin op"]
[Site "Valladolid"]
[Date "2013.03.31"]
[Round "4"]
[White "Martin De Aguilera del Amo, Jaim"]
[Black "Sobrino Garcia, Raul"]
[Result "0-1"]
[WhiteElo "1693"]
[BlackElo "1757"]
[PlyCount "108"]
[EventDate "2013.03.10"]
[EventType "swiss"]
[EventRounds "11"]
[EventCountry "ESP"]
[SourceTitle "EXT 2014"]
[Source "ChessBase"]
[SourceDate "2013.11.20"]
[SourceVersion "1"]
[SourceVersionDate "2013.11.20"]
[SourceQuality "1"]

1. e4 e5 2. Nf3 Nc6 3. Bc4 Nf6 4. Nc3 Bc5 5. a3 0-0 6. d3 h6 7. Na4 Be7 8. 0-0 d6 9. h3 Nd4 10. Nxd4 exd4 11. c3 Rb8 12. cxd4 b5 13. e5 Nh7 14. Qb3 Ba6 15. Bxf7+ Rxf7 16. e6 Rf5 17. Nc3 Bb7 18. Ne4 Bd5 19. Qd1 Bxe6 20. Qg4 Qd7 21. Bxh6 Rg5 22. Qe2 gxh6 23. Nxg5 Nxg5 24. Rae1 Kf7 25. h4 Nh7 26. d5 Bf5 27. Qh5+ Kg7 28. Re3 Nf6 29. Rxe7+ Qxe7 30. Qxf5 Re8 31. Rc1 Qf7 32. Qf3 Re5 33. Qg3+ Kh7 34. Qh3 Nxd5 35. Qc8 Re2 36. f3 Qg7 37. Qf5+ Qg6 38. Qd7+ Re7 39. Qc8 Ne3 40. Qh3 Qxd3 41. Re1 Rg7 42. g3 Qd2 43. Ra1 Qe2 44. Rf1 Rxg3+ 45. Qxg3 Qxf1+ 46. Kh2 Qc4 47. Qf2 Qc2 48. Qxc2+ Nxc2 49. Kg3 Kg6 50. Kg4 Nd4 51. h5+ Kf6 52. Kf4 Ne2+ 53. Kg4 Ke5 54. b3 d5 0-1